Nanotechnology and in situ remediation , a review of the benefits and potential risks
Aunque los sectores industriales que incluyen semiconductores, tecnologa̕s de memoria y almacenamiento, tecnologa̕s p̤ticas y fotn̤icas, energa̕, biotecnologa̕ y cuidado de la salud generan la mayora̕ de productos que contienen nanomateriales, la nanotecnologa̕ tambiň se emplea en tecnologa̕ ambien...
שמור ב:
| מחברים אחרים: | , , , |
|---|---|
| פורמט: | ספר |
| שפה: | אנגלית |
| נושאים: | |
| גישה מקוונת: | Nanotechnology and in situ remediation , a review of the benefits and potential risks |
| תגים: |
הוספת תג
אין תגיות, היה/י הראשונ/ה לתייג את הרשומה!
|
MARC
| LEADER | 00000nam a22000004a 4500 | ||
|---|---|---|---|
| 001 | vpro6310 | ||
| 005 | 20201223000000.0 | ||
| 008 | 130801s2013 ck # g## #001 0#eng#d | ||
| 020 | |||
| 022 | |a 0091-6765 | ||
| 040 | |a CO-BoINGC | ||
| 041 | 0 | |a eng | |
| 245 | 1 | 0 | |a Nanotechnology and in situ remediation , a review of the benefits and potential risks |
| 246 | |a Nanotecnologa̕ y remediacin̤ in situ : una revisin̤ de los beneficios y los riesgos potenciales | ||
| 264 | |a Bogot ̀(Colombia) : |b Revista VirtualPRO, |c 2013 | ||
| 520 | 3 | |a Aunque los sectores industriales que incluyen semiconductores, tecnologa̕s de memoria y almacenamiento, tecnologa̕s p̤ticas y fotn̤icas, energa̕, biotecnologa̕ y cuidado de la salud generan la mayora̕ de productos que contienen nanomateriales, la nanotecnologa̕ tambiň se emplea en tecnologa̕ ambiental para proteger el medio ambiente por medio de la prevencin̤ de la contaminacin̤, el tratamiento y la limpieza.Este escrito se centra en el r̀ea de limpieza ambiental y proporciona una revisin̤ general de las prc̀ticas actuales, los hallazgos, cuestiones sociales, las implicaciones ambientales, de seguridad y de la salud, y las direcciones futuras para la nanoremediacin̤. Aunque no se lleva a cabo una revisin̤ exhaustiva sobre los mťodos qum̕icos e ingenieriles, se muestra una introduccin̤ y una sn̕tesis de las aplicaciones de la nanotecnologa̕ en remediacin̤. | |
| 650 | \ | \ | |a Tecnologa̕ |
| 650 | \ | \ | |a Nanotecnologa̕ |
| 650 | \ | \ | |a Materiales |
| 650 | \ | \ | |a Manejo de materiales |
| 650 | \ | \ | |a Contaminacin̤ |
| 650 | \ | \ | |a Technology |
| 650 | \ | \ | |a Nanotechnology |
| 650 | \ | \ | |a Materials |
| 650 | \ | \ | |a Materials handling |
| 650 | \ | \ | |a Environmental pollution |
| 650 | \ | \ | |a Ciencia de materiales |
| 650 | \ | \ | |a Nuevos materiales |
| 650 | \ | \ | |a Nanociencia |
| 650 | \ | \ | |a Medio ambiente |
| 650 | \ | \ | |a Remediacin̤ |
| 650 | \ | \ | |a Contaminantes |
| 650 | \ | \ | |a Nanomateriales |
| 650 | \ | \ | |a Nanoestructura |
| 650 | \ | \ | |a Nanotecnologa̕ ambiental |
| 650 | \ | \ | |a Implicaciones ambientales |
| 650 | \ | \ | |a Tecnologa̕ ambiental |
| 650 | \ | \ | |a Residuos peligrosos |
| 650 | \ | \ | |a Nanoremediacin̤ |
| 650 | \ | \ | |a Toxicidad |
| 650 | \ | \ | |a Basureros |
| 650 | \ | \ | |a Hierro de valencia cero |
| 650 | \ | \ | |a Materials science |
| 650 | \ | \ | |a New materials |
| 650 | \ | \ | |a Nanoscience |
| 650 | \ | \ | |a Environment |
| 650 | \ | \ | |a Remediation |
| 650 | \ | \ | |a Contaminants |
| 650 | \ | \ | |a Nanomaterials |
| 650 | \ | \ | |a Nanostructure |
| 650 | \ | \ | |a Environmental nanotechnology |
| 650 | \ | \ | |a Environmental implications |
| 650 | \ | \ | |a Environmental technology |
| 650 | \ | \ | |a Hazardous waste |
| 650 | \ | \ | |a Nanoremediation |
| 650 | \ | \ | |a Toxicity |
| 650 | \ | \ | |a Wastebaskets |
| 650 | \ | \ | |a Zero valence iron |
| 700 | \ | \ | |a Karn Barbara |
| 700 | \ | \ | |a Otto Martha |
| 700 | \ | \ | |a Kuiken Todd |
| 700 | \ | \ | |a National Center for Biotechnology Information (NCBI) |
| 856 | |z Nanotechnology and in situ remediation , a review of the benefits and potential risks |u https://virtualpro.unach.elogim.com/biblioteca/nanotecnologia-y-remediacion-in-situ-una-revision-de-los-beneficios-y-los-riesgos-potenciales | ||